000 00452nam a2200181Ia 4500
008 131103s9999 xx 000 0 und d
040 _aLoreto College
041 _aEnglish
082 _aF/GOD
_bLCBED/6415
100 _aGodden, Rumer
245 4 _aThe river
_cRumer Godden
260 _aLondon
_bMacmillan
_c1967
300 _a143p.
_c 22cm.
650 _aEnglish Fiction
651 _aEnglish literature
850 _aLCBED/F/GOD
942 _cBK
999 _c32737
_d83216